| 000 | 01216cam a2200349 4500 | ||
|---|---|---|---|
| 001 | 5006 | ||
| 003 | UkOxU | ||
| 005 | 20211208234007.0 | ||
| 008 | 131224s1964 ne a b 000 0 eng | ||
| 035 | _a(DLC) 64032553 | ||
| 035 | _a(OCoLC)768110 | ||
| 035 | _a9859598 | ||
| 040 |
_aDLC _cPPD _dDLC _beng |
||
| 041 | _aeng | ||
| 082 |
_223 _a339.47 _bEUR 1964 |
||
| 100 | 1 |
_aSandee, Jan, _d1919- _915747 |
|
| 245 | 1 | 0 |
_aEurope's future consumption / _ccontributors : A. Amundsen [et al.] ; edited by J. Sandee. _nVOLUME II |
| 260 |
_aAmsterdam : _bNorth-Holland, _c1964. |
||
| 300 |
_aviii, 363 p. : _bill. ; _c23 cm. |
||
| 490 | 1 |
_aAssociation scientifique européene pour la prévision économique à moyen et à long terme ; _vv. 2 |
|
| 500 | _aEnglish or French. | ||
| 500 | _aFrench contributions have summaries in English. | ||
| 504 | _aIncludes bibliographical references. | ||
| 650 | 0 |
_aEconomic forecasting _xMathematical models. _913464 |
|
| 650 | 0 |
_aConsumption (Economics) _zEurope. _915748 |
|
| 651 | 0 |
_aEurope _xEconomic conditions _xMathematical models. _915749 |
|
| 830 | 0 |
_vv. 2. _915750 |
|
| 830 | 0 |
_aASEPELT (Series) ; _915751 |
|
| 942 |
_2ddc _cBK |
||
| 999 |
_c5006 _d5006 |
||